000 02890cam a22006494i 4500
003 PE-LiUPU
005 20250731170447.0
008 150706s2008 xxu rb 000 0 spa d
020 _a0763748986
020 _a9780763748982
035 _a(Sirsi) i9780763748982
040 _aPE-LiUPU
_bspa
_cPE-LiUPU
_dPE-LiUPU
_erda
049 _aPRUA
082 0 4 _a174.2
_bB97
_221
100 1 _aButts, Janie B.,
_eautor.
245 1 0 _aNursing ethics :
_bacross the curriculum and into practice /
_cJanie B. Butts y Karen L. Rich.
250 _a2a edición.
264 1 _aSudbury, Mass :
_bJones and Bartlett Publishers,
_c2008.
300 _a562 páginas ;
_c23 centímetros
336 _atext
_2rdacontent
337 _aunmediated
_2rdamedia
338 _avolume
_2rdacarrier
504 _aIncluye bibliografía.
505 0 _aIntroduction to Ethical Philosophies, Theories, and Approaches -- Introduction to Bioethics and Nursing Ethics and ethical decision making -- Ethics and Professional Nursing Practice -- Leadership and Organizational Ethics -- Nursing Ethics Across the Lifespan -- Reproductive Issues and Nursing Ethics -- Nursing Ethics in the Care of Infants and Children -- Adolescent Nursing Ethics -- Adult Health Nursing Ethics -- Ethics in Psychiatric and Mental Health Nursing -- Ethics and the Nursing Care of Elders -- Ethics and Community and Public Health Nursing -- Ethical Issues in End-of-life nursing care.
526 _aSEG68
526 _aSEG70
526 _aSEG69
526 _aSEG67
526 _aSEG43
526 _aP144
526 _aP143
526 _aP131
526 _aP122
526 _aP120
526 _aP117
526 _aP112
526 _aP110
526 _aP106
526 _aP101
526 _aP80
526 _aP59
526 _aP54
526 _aP35
526 _aP33
526 _aP30
541 _g001-000793;
541 _g015-0010822;
650 0 4 _aÉtica de enfermería.
910 _agl
_bjv
_cng
_d20091016
942 _2ddc
_cBOOK
949 _a174.2 B97
_wDEWEY
_c1
_i60800
_d2016-9-15
_e2016-9-5
_lCCODEBUL1
_mBUL
_n1
_p16.00
_r0
_sY
_tBOOK
_u2015-7-6
_xSALUD
_PP22
_0COMPRA
_o.STAFF. Colección Ciencias de la Salud
949 _a174.2 B97
_wDEWEY
_c2
_i60459
_lCCODEBUL1
_mBUL
_p57.00
_r0
_sY
_tBOOK
_u2015-7-6
_xSALUD
_PP22
_0COMPRA
_o.STAFF. Colección Ciencias de la Salud
994 _aC0
_bPEPRU
596 _a1
999 _a174.2 B97
_wDEWEY
_c49913
_i60800
_d49913
_e2016-9-5
_f2021-11-3
_g5
_lCCODEBUL1
_mBUL
_n1
_p16.00
_r0
_sY
_tBOOK
_u2015-7-6
_xSALUD
_zP22
_0COMPRA
_o.STAFF. Colección Ciencias de la Salud
999 _a174.2 B97
_wDEWEY
_c2
_i60459
_f2019-12-11
_g4
_lDISCARD
_mBUL
_p57.00
_r1
_sY
_tBOOK
_u2015-7-6
_xEDUCACION
_PP22
_0COMPRA
_o.STAFF. Colección General
980 _81
_gALBERTO SANCHEZ Responsable de Automatización